000
00362nam a2200169Ia 4500
100
_a
Vogeleer/David
650
_a
Flash
942
_c
BK
366
_f
17.5
654
_a
flash
245
_a
MACROMEDIA FLASH PROFESSIONAL 8
260
_b
Pearson Education
_a
Mumbai
_c
2006
082
_a
005.133/VOG
_b
VOG
300
_a
840
546
_a
ENGLISH
999
_c
33739
_d
33739